000 01722cam a2200337 a 4500
999 _c1506
_d1506
005 20200107065251.0
008 950714s1994 cr ab b 101 0 spa
020 _a9977650772
040 _aDLC
_cDLC
_dDLC
_dCO-BoIAVH
041 0 _aspa
_beng
082 0 0 _a599.652
_bE19e
245 0 0 _aEcologia y manejo del venado cola blanca en México y Costa Rica /
_cChristopher Vaughan, Miguel A. Rodríguez (editores).
260 _aHeredia :
_bPrograma Regional en Manejo de Vida Silvestre, Universidad Nacional,
_c[1994]
300 _a455 paginas. :
_bilustraciones., mapas ;
_c21 x 16 cm.
500 _aLa mayoría de los documentos se presentaron originalmente en el Primer Simposio Latinoamericano Sobre el Venado Cola Blanca, celebrada en Guadalajara, México, en mayo de 1990.
504 _aIncluye referencias bibliográficas e índice
546 _aResúmenes en español e Inglés.
650 0 _aWhite-tailed deer
_xEcology
_zMexico
_vCongresses.
650 0 _aVenado de cola blanca
650 0 _aWhite-tailed deer
_xEcology
_zCosta Rica
_vCongresses.
650 6 _aOdocoileus virginianus
650 0 _aWildlife management
_zMexico
_vCongresses.
650 0 _aWildlife management
_zCosta Rica
_vCongresses.
650 6 _aordenación de la vida silvestre
_zMexico
650 6 _aOrdenación de la vida silvestre
_zCosta Rica
700 1 _aVaughan, Christopher,
_d1949-
700 1 _aRodríguez Ramírez, Miguel.
710 2 _aUniversidad Nacional (Costa Rica).
_bPrograma de Manejo de Vida Silvestre.
711 2 _aSimposio Latinoamericano sobre el Venado Cola Blanca
_n(1st :
_d1990 :
_cGuadalajara, Mexico)
942 _2ddc
_cLIBRO
_01